Analýza a omezení rizika
Dva hlavné aspekty zvládania rizika: analýza rizika a obmedzenie, či zmiernenie rizika. Prvý aspekt predpokladá ocenenie rizika, druhý aspekt predpokladá určité postupy, ktoré by mohli riziko znížiť. Posudzovanie zmiernenia rizika. Projekt s integrovaným programom zvládnutia rizika. Stanovenie profi...
Salvato in:
| Autore principale: | |
|---|---|
| Natura: | Capitolo di libro |
| Lingua: | ceco |
| Soggetti: | |
| Tags: |
Nessun Tag, puoi essere il primo ad aggiungerne!!
|
MARC
| LEADER | 00000naa a2200000 4500 | ||
|---|---|---|---|
| 001 | r024554 | ||
| 005 | 20221213082914.3 | ||
| 041 | 0 | |a cze | |
| 044 | |a CZ | ||
| 245 | 1 | 0 | |a Analýza a omezení rizika |c D.C. Reed |
| 520 | |a Dva hlavné aspekty zvládania rizika: analýza rizika a obmedzenie, či zmiernenie rizika. Prvý aspekt predpokladá ocenenie rizika, druhý aspekt predpokladá určité postupy, ktoré by mohli riziko znížiť. Posudzovanie zmiernenia rizika. Projekt s integrovaným programom zvládnutia rizika. Stanovenie profilu rizika. Majetkové riziko. Finančné riziko. Zodpovednostné riziko. Osobné riziko. Zoradenie rizík podľa závažnosti. Určenie piatich hlavných kategórií rizík. Klasifikácia rizík. | ||
| 610 | 2 | 0 | |a manažment |
| 610 | 2 | 0 | |a riziko |
| 610 | 2 | 0 | |a klasifikácia |
| 610 | 2 | 0 | |a risk management |
| 610 | 2 | 0 | |a zodpovednosť organizácie |
| 100 | 1 | |a Reed, D.C. | |